| 000 | 00903nam a22002777a 4500 | ||
|---|---|---|---|
| 003 | CHAP | ||
| 005 | 20220329135107.0 | ||
| 008 | 971013s1979 r 10010 d | ||
| 010 | _a30806 | ||
| 011 | _a31778 | ||
| 035 | _a35890 | ||
| 040 | _cCHAP | ||
| 082 |
_a621.47 _bN3 1979 |
||
| 111 | 0 | 0 |
_aNational Passive Solar Conference ( _n4 _d: 1979 _c: Kansas, Mo.) _980364 |
| 245 | _aProceedings | ||
| 260 |
_aNewark, Delaware : _bUniversity of Delaware. Solar Energy Research Institute, _c1979 |
||
| 300 |
_a772 p. _b: ilus. ; gráfs. |
||
| 590 |
_aBATCH-UPD _b10 _c20130110 _lUCH01 _h1709 |
||
| 590 |
_aBATCH-UPD _b10 _c20130410 _lUCH01 _h1055 |
||
| 590 |
_aBATCH-UPD _b10 _c20130914 _lUCH01 _h1307 |
||
| 590 |
_aCONVERSION _b10 _c20130109 _lUCH01 _h1317 |
||
| 650 | 1 | 4 |
_aEnergía solar. _936911 |
| 901 | _aBK | ||
| 942 | _cLIBRO | ||
| 949 |
_a621.47 N3 1979 _bBC _cLIBRO _d33724000017026 _eLIBRO _h58373 _i35890 _si |
||
| 999 |
_c30806 _d30806 |
||